Statistics for Main Characters by Series

Click here to take the quiz!

General Stats

  • This quiz has been taken 55 times
  • The average score is 18 of 30

Answer Stats

HintAnswer% Correct
Harry PotterHarry Potter
100%
ShrekShrek
100%
Star Wars (Original Trilogy)Luke Skywalker
94%
Pirates of the CaribbeanCaptain Jack Sparrow
94%
Indiana JonesDr. Henry Jones, Jr
91%
Star Wars (Original Trilogy)Princess Leia Organa Skywalker
88%
Harry PotterHermione Granger
88%
Harry PotterRon Weasley
85%
Lord of the RingsFrodo Baggins
82%
ShrekPrincess Fiona
82%
Star Wars (Original Trilogy)Han Solo
82%
ShrekDonkey
82%
Star Wars (Prequel Trilogy)Anakin Skywalker
70%
Star Wars (Prequel Trilogy)Obi-Wan Kenobi
67%
Lord of the RingsSamwise Gamgee
64%
Lord of the RingsGandalf
61%
Star Wars (Sequel Trilogy)Rey
52%
Star Wars (Sequel Trilogy)FN-2187
48%
Pirates of the CaribbeanElizabeth Swann
45%
Star Wars (Prequel Trilogy)Senator Padme Amidala
45%
Star Wars (Sequel Trilogy)Poe Dameron
42%
High School MusicalTroy Bolton
42%
Lord of the RingsAragorn
39%
High School MusicalGabriella Montez
36%
High School MusicalSharpay Evans
36%
Pirates of the CaribbeanWilliam Turner
33%
Star Wars (Sequel Trilogy)Ben Solo
27%
High School MusicalChad Danforth
21%
Indiana JonesWan Li
18%
Indiana JonesMarion Ravenwood
9%

Score Distribution

Percentile by Number Answered

Percent of People with Each Score

Your Score History

You have not taken this quiz